Visualizzazione normale
Vista MARC
- Giombini Marcello
di Personal Name
Records bibliografici associati: 1
001 - CONTROL NUMBER
- control field: 2491
003 - CONTROL NUMBER IDENTIFIER
- control field: IT-RoPau
005 - DATE AND TIME OF LATEST TRANSACTION
- control field: 20131120145012.0
008 - FIXED-LENGTH DATA ELEMENTS
- fixed length control field: 131120|| aca||aabn | a|a d
040 ## - CATALOGING SOURCE
- Original cataloging agency: IT-RoPau
- Transcribing agency: IT-RoPau
100 ## - HEADING--PERSONAL NAME
- Personal name: Giombini Marcello
670 ## - SOURCE DATA FOUND
- Source citation: Work cat.: (IT-RoPau)102363: Giombini Marcello, Messa Alleluia (Lp Pcc Ms 0060)